000
00329nam a2200145Ia 4500
003
OSt
005
20231221105117.0
008
170523s9999 xx 000 0 und d
020
_a
8120321251
040
_c
IIMT UNIVERSITY, MEERUT
100
_a
SOLMON- MICHAEL
245
0
_a
CONSUMER BEHAVIOUR
260
_b
PHI
942
_2
ddc
_c
02
999
_c
1428
_d
1428